00789nam a2200229Ia 450000500170000000800410001702000150005804100080007308200180008110000310009924501010013025000220023130000180025365000470027165000600031870000310037826400270040933600270043633700330046333800280049604000350052420220316235602.0121119s2003 ck gr 000 0 spa  a95868217650 aspa04a004.2 bC17I31 aCastellanos Casas, Ricardo10aInformática 3 bla herramienta del nuevo mileniocCastellanos Casas, Gonzalo Ferreyra Cortés aPrimera edición a176 páginas14aComputadoresxEnseñanza elemental 2LEMB14aProgramas para computadorxEnseñanza elemental 2LEMB1 aFerreyra Cortés, Gonzalo aBogotác[s.n.]b2003 atextobtxt2rdacontent asin mediaciónbn2rdamedia avolumenbnc2rdacarrier aCO-BoRNBPbspaerdacCO-BoRNBP